000
00256nam a22000977a 4500
999
_c
515603
_d
515603
082
_a
TNC B262x54 P885
100
_a
Pramod (ed.)
_9
21293
245
_a
Towards understanding communalism
_c
edited by Pramod
260
_a
Chandigarh
_b
CRRID
_c
1992
300
_a
557p.